000 00600nmm a2200181Ia 4500
008 251105s9999||||xx |||||||||||||||||und||
020 _a9789560107763
041 _aspa
100 _aM. C. de Melo, Ana Amelia
245 0 _aIntelectuales y pensamiento social y ambiental en América Latina
264 _a[Santiago de Chile, Chile] :
_bRil editores,
_c2020
300 _a464 páginas
650 _aSocial Sciences (General)
700 _aM. C. de Melo, Ana Amelia
700 1 _a De la Cuadra, Fernando Marcelo (eds.)
856 _uhttps://public.digitaliapublishing.com/a/65553
942 _cCF
999 _c68112
_d68112